00416nam a2200169Ia 4500003000400000005001700004008004100021040000700062041000800069082002000077100002200097245002300119260004500142365000800187650002900195650002200224OSt20230701102610.0210423s9999 xx 000 0 und d cAL aeng a323.34 FERM223 aFERNANDES (Lidia) aMahileya hakkugalu bCentr for social actionaBangalorec2004 cINR aCivil & Political Rights aPolitical Science